000 00471nam a22001697a 4500
003 OSt
005 20170828115441.0
008 110407t xxu||||| |||| 00| 0 eng d
040 _aLDCLIB
_cLDCLIB
082 _a340.023
_222
_b ODO
100 _cOdoki, B. J.
_9171
245 _aA Guide to Legal Profession in Uganda /
_cB. J. Odoki :
260 _aKampala :
_bLaw Development Center,
_cc1994.
300 _ax, 387 p. ;
_c25 cm.
650 _aLegal profession
942 _2ddc
_cBK
999 _c67
_d67